00525 2200193 4500001002100000005001500021008004100036020001800077035002500095041000800120082000800128090000800136100002000144245006700164250002700231260004200258300002100300650001000321INLIS00000000000238620130515125641 ind  a979-511-249-X a0010-051300000002386 aind aFik aFik aCarrie, Randall aDear Diary 3 ( Rahasiaku )/ penerjemah, Henny Mayasari, Sinata aEdisi : 2; Cetakan : 1 aJakartabGramedia Pustaka Utamac1991 a120 hlm. ;20 cm. aFiksi